[Event "Helsinki MatSK op"]
[Site "Helsinki"]
[Date "2020.02.22"]
[Round "4"]
[White "Karttinen, Risto"]
[Black "Smeds, Tom"]
[Result "1/2-1/2"]
[WhiteElo "1909"]
[BlackElo "1878"]
[PlyCount "79"]
[EventDate "2020.02.21"]
[EventType "swiss"]
[EventRounds "7"]
[EventCountry "FIN"]
[SourceTitle "CBM 195 Extra"]
[Source "ChessBase"]
[SourceDate "2020.05.31"]
[SourceVersion "1"]
[SourceVersionDate "2020.05.31"]
[SourceQuality "1"]

1. c4 b6 2. Nc3 Bb7 3. e4 e5 4. Nf3 Nc6 5. Be2 Bc5 6. 0-0 d6 7. a3 a5 8. d3 Nge7 9. Rb1 0-0 10. Nd5 Nd4 11. Nxd4 Bxd4 12. Ne3 f5 13. Bf3 Bxe3 14. Bxe3 f4 15. Bd2 c5 16. b4 axb4 17. axb4 Bc8 18. bxc5 bxc5 19. Ra1 Bd7 20. Bc3 Nc6 21. Qe2 Nd4 22. Bxd4 cxd4 23. Bg4 Bxg4 24. Qxg4 Qc8 25. Qxc8 Rfxc8 26. Rxa8 Rxa8 27. Rd1 Ra3 28. Kf1 g5 29. Ke2 g4 30. f3 h5 31. g3 Ra2+ 32. Rd2 gxf3+ 33. Ke1 Rxd2 34. Kxd2 fxg3 35. hxg3 Kf7 36. Ke1 Kg6 37. Kf2 Kg5 38. Kxf3 h4 39. gxh4+ Kxh4 40. Kf2 1/2-1/2

[Event "Helsinki MatSK op"]
[Site "Helsinki"]
[Date "2020.02.21"]
[Round "2"]
[White "Karttinen, Risto"]
[Black "Koskinen, Veikko"]
[Result "1-0"]
[WhiteElo "1909"]
[BlackElo "1892"]
[PlyCount "85"]
[EventDate "2020.02.21"]
[EventType "swiss"]
[EventRounds "7"]
[EventCountry "FIN"]
[SourceTitle "CBM 195 Extra"]
[Source "ChessBase"]
[SourceDate "2020.05.31"]
[SourceVersion "1"]
[SourceVersionDate "2020.05.31"]
[SourceQuality "1"]

1. c4 f5 2. g3 Nf6 3. Bg2 g6 4. Nc3 Bg7 5. Nf3 0-0 6. 0-0 d6 7. d3 c5 8. Rb1 Nc6 9. a3 a5 10. Bd2 Bd7 11. Ne1 e5 12. Nc2 Rb8 13. b4 axb4 14. axb4 Nd4 15. e3 cxb4 16. Nxb4 Ne6 17. Nbd5 Bc6 18. Qe2 Kh8 19. Rb4 Nh5 20. Rfb1 f4 21. g4 fxe3 22. fxe3 Nf6 23. Nxf6 Bxg2 24. Qxg2 Qxf6 25. Nd5 Qh4 26. Be1 Qh6 27. Rxb7 Rxb7 28. Rxb7 Nc5 29. Rb6 Nxd3 30. Bg3 Qg5 31. Qe4 Nc1 32. Rxd6 Ne2+ 33. Kg2 Nxg3 34. Kxg3 h5 35. h3 h4+ 36. Kg2 Kh7 37. c5 Ra8 38. Nc3 Rb8 39. Rd2 Rf8 40. c6 Qf6 41. c7 Qf1+ 42. Kh2 Qc4 43. Qxc4 1-0

[Event "Jarvenpaa SK WE op"]
[Site "Jarvenpaa"]
[Date "2019.09.29"]
[Round "6"]
[White "Karttinen, Risto"]
[Black "Laakso, Harri"]
[Result "1/2-1/2"]
[WhiteElo "1956"]
[BlackElo "2165"]
[PlyCount "79"]
[EventDate "2019.09.27"]
[EventType "swiss"]
[EventRounds "7"]
[EventCountry "FIN"]
[SourceTitle "EXT 2021"]
[Source "ChessBase"]
[SourceDate "2020.10.23"]
[SourceVersion "1"]
[SourceVersionDate "2020.10.23"]
[SourceQuality "1"]

1. c4 b6 2. Nc3 Bb7 3. e4 e5 4. g3 f5 5. d3 Nf6 6. Bg2 Bb4 7. Bd2 0-0 8. Nge2 d6 9. 0-0 fxe4 10. dxe4 Nc6 11. Nd5 Bc5 12. Bg5 Ne7 13. Qd2 Nexd5 14. cxd5 a5 15. b3 Qe8 16. Be3 Ba6 17. f3 Nd7 18. Rf2 b5 19. a3 b4 20. a4 Qb8 21. Nc1 Qb6 22. Bxc5 Nxc5 23. Qe3 Rf6 24. Bf1 Raf8 25. Kg2 h6 26. h4 Kh7 27. Bxa6 Qxa6 28. Rb1 c6 29. dxc6 Qxc6 30. Nd3 Ne6 31. Rc1 Qb7 32. Nb2 Nd4 33. Rcf1 Qf7 34. Nc4 Rc8 35. Rc1 Qc7 36. Rff1 Qa7 37. Nd2 Qb7 38. Rxc8 Qxc8 39. Nc4 Qc5 40. Qd3 1/2-1/2

[Event "Helsinki HSK Autumn"]
[Site "Helsinki"]
[Date "2019.09.01"]
[Round "4"]
[White "Gronroos, Matti"]
[Black "Karttinen, Risto"]
[Result "1-0"]
[WhiteElo "1913"]
[BlackElo "1968"]
[PlyCount "93"]
[EventDate "2019.08.30"]
[EventType "swiss"]
[EventRounds "5"]
[EventCountry "FIN"]
[SourceTitle "EXT 2021"]
[Source "ChessBase"]
[SourceDate "2020.10.23"]
[SourceVersion "1"]
[SourceVersionDate "2020.10.23"]
[SourceQuality "1"]

1. e4 d6 2. d4 Nf6 3. Nc3 g6 4. f4 Bg7 5. e5 Nfd7 6. Nf3 c5 7. exd6 0-0 8. dxe7 Qxe7+ 9. Qe2 Qd8 10. Be3 Re8 11. 0-0-0 Nc6 12. Qd2 Qa5 13. a3 Rb8 14. Nb5 a6 15. Nd6 Qxd2+ 16. Bxd2 Re6 17. Nxc8 cxd4 18. Ng5 Rxc8 19. Nxe6 fxe6 20. Bc4 Nd8 21. Ba2 Nc5 22. Bb4 Kf7 23. Rhe1 b6 24. Kb1 a5 25. Bxc5 Rxc5 26. Re4 Bf6 27. Rde1 Rc6 28. Kc1 h5 29. Kd2 Bg7 30. g3 Bf6 31. Bb3 b5 32. h3 a4 33. Ba2 Bg7 34. g4 hxg4 35. hxg4 Bf6 36. f5 gxf5 37. gxf5 Bg5+ 38. Kd3 Be3 39. R1xe3 dxe3 40. Rxe3 Kf6 41. fxe6 Nxe6 42. Rxe6+ Rxe6 43. Bxe6 Kxe6 44. Kc3 Kd5 45. Kb4 Kc6 46. c4 bxc4 47. Kxc4 1-0

[Event "Helsinki HSK Autumn"]
[Site "Helsinki"]
[Date "2019.08.30"]
[Round "1"]
[White "Karttinen, Risto"]
[Black "Penttila, Tero"]
[Result "1/2-1/2"]
[WhiteElo "1968"]
[BlackElo "2029"]
[PlyCount "42"]
[EventDate "2019.08.30"]
[EventType "swiss"]
[EventRounds "5"]
[EventCountry "FIN"]
[SourceTitle "EXT 2021"]
[Source "ChessBase"]
[SourceDate "2020.10.23"]
[SourceVersion "1"]
[SourceVersionDate "2020.10.23"]
[SourceQuality "1"]

1. c4 e5 2. g3 Nf6 3. Bg2 d5 4. cxd5 Nxd5 5. Nf3 Nc6 6. 0-0 Nb6 7. d3 Be7 8. Nbd2 0-0 9. a3 Be6 10. h3 f5 11. b4 Bf6 12. Bb2 a6 13. Qc2 Qe7 14. Rac1 Rad8 15. Nb3 Bxb3 16. Qxb3+ Kh8 17. Qc2 Rd7 18. Nd2 Nd8 19. Nb3 c6 20. Nc5 Rd6 21. Rfd1 Nd7 1/2-1/2

[Event "Helsinki Aaltio Memorial"]
[Site "Helsinki"]
[Date "2019.05.25"]
[Round "3"]
[White "Pietinen, Pekka"]
[Black "Karttinen, Risto"]
[Result "1/2-1/2"]
[WhiteElo "2027"]
[BlackElo "1897"]
[PlyCount "115"]
[EventDate "2019.05.24"]
[EventType "swiss"]
[EventRounds "5"]
[EventCountry "FIN"]
[SourceTitle "EXT 2021"]
[Source "ChessBase"]
[SourceDate "2020.10.23"]
[SourceVersion "1"]
[SourceVersionDate "2020.10.23"]
[SourceQuality "1"]

1. d4 d6 2. Nf3 Bg4 3. e3 Nf6 4. Be2 Nbd7 5. c3 e5 6. Qb3 Rb8 7. Ng5 Qe7 8. f3 Bh5 9. Nd2 h6 10. Nh3 Bg6 11. dxe5 dxe5 12. e4 Nc5 13. Qc2 c6 14. Nf2 Qc7 15. Nc4 Ne6 16. Nd3 Nd7 17. Be3 b6 18. Bf2 f6 19. a3 Ndc5 20. b4 Nxd3+ 21. Bxd3 Bf7 22. Ne3 g6 23. Bc4 b5 24. Bb3 Be7 25. Qa2 Qc8 26. 0-0 0-0 27. Ng4 Kg7 28. Bxa7 Ra8 29. Be3 Rh8 30. Bf2 h5 31. Ne3 Rf8 32. Rfd1 Nf4 33. Bxf7 Rxf7 34. Qc2 Ra4 35. c4 Qa8 36. cxb5 cxb5 37. Qb2 Bf8 38. Nd5 Qb7 39. Nxf4 exf4 40. Rac1 Qa6 41. Rd3 Bd6 42. Bd4 Bb8 43. e5 Ba7 44. exf6+ Qxf6 45. Qc3 Bxd4+ 46. Rxd4 Rxa3 47. Qd2 Re3 48. Rd6 Qe5 49. Rd5 Qe8 50. Rd8 Qe5 51. Qd4 Qxd4 52. Rxd4 Re5 53. Rcd1 g5 54. Rd5 Rfe7 55. h4 Kf6 56. Rd6+ R7e6 57. hxg5+ Rxg5 58. R6d2 1/2-1/2

[Event "Helsinki EtVaS op"]
[Site "Helsinki"]
[Date "2019.05.19"]
[Round "5"]
[White "Karttinen, Risto"]
[Black "Aalto, Patrik"]
[Result "1/2-1/2"]
[WhiteElo "1897"]
[BlackElo "2022"]
[PlyCount "61"]
[EventDate "2019.05.17"]
[EventType "swiss"]
[EventRounds "5"]
[EventCountry "FIN"]
[SourceTitle "CBM 195 Extra"]
[Source "ChessBase"]
[SourceDate "2020.05.31"]
[SourceVersion "1"]
[SourceVersionDate "2020.05.31"]
[SourceQuality "1"]

1. c4 e5 2. g3 h5 3. h4 Nc6 4. Bg2 Bc5 5. Nc3 Nf6 6. d3 d6 7. Bg5 Be6 8. Nd5 Nb4 9. a3 Nbxd5 10. cxd5 Bg4 11. Qd2 Qd7 12. Bxf6 gxf6 13. e3 Bb6 14. Ne2 Qe7 15. 0-0 Bd7 16. d4 Rg8 17. Kh2 Bg4 18. Rfe1 Qd7 19. dxe5 fxe5 20. Nc3 Qe7 21. Na4 0-0-0 22. Nxb6+ cxb6 23. a4 Kb8 24. a5 bxa5 25. Qxa5 b6 26. Qd2 e4 27. Ra4 f5 28. Rea1 Rd7 29. Bf1 Bf3 30. Bh3 Bg4 31. Bf1 1/2-1/2

[Event "Helsinki EtVaS op"]
[Site "Helsinki"]
[Date "2019.05.19"]
[Round "4"]
[White "Kyburz, Stefan"]
[Black "Karttinen, Risto"]
[Result "0-1"]
[WhiteElo "1969"]
[BlackElo "1897"]
[PlyCount "78"]
[EventDate "2019.05.17"]
[EventType "swiss"]
[EventRounds "5"]
[EventCountry "FIN"]
[SourceTitle "CBM 195 Extra"]
[Source "ChessBase"]
[SourceDate "2020.05.31"]
[SourceVersion "1"]
[SourceVersionDate "2020.05.31"]
[SourceQuality "1"]

1. d4 d6 2. c4 e5 3. Nc3 exd4 4. Qxd4 Nc6 5. Qd2 g6 6. b3 Bg7 7. Bb2 Nf6 8. g3 0-0 9. Bg2 a5 10. Nh3 Re8 11. Nf4 Ne5 12. 0-0 a4 13. Nb5 Nfd7 14. Nd5 axb3 15. axb3 Rxa1 16. Rxa1 Nc5 17. Ndxc7 Nxb3 18. Qxd6 Nxc4 19. Qxd8 Rxd8 20. Ra8 Bxb2 21. Bxb7 Nb6 22. Rb8 Nc5 23. Bxc8 Nxc8 24. Na7 Be5 25. Nxc8 Bxc7 26. Ne7+ Kf8 27. Rb5 Kxe7 28. Rxc5 Rd7 29. Kg2 h5 30. Rc4 Bb6 31. Re4+ Kf6 32. Rc4 Rd6 33. Rf4+ Ke7 34. h4 Rf6 35. Re4+ Kd6 36. f3 Re6 37. Rxe6+ Kxe6 38. f4 Kd5 39. Kf3 f5 0-1

[Event "Tampere TammerSh Spring op-B"]
[Site "Tampere"]
[Date "2019.04.21"]
[Round "4"]
[White "Karttinen, Risto"]
[Black "Koivumaki, Marko"]
[Result "1/2-1/2"]
[WhiteElo "1900"]
[BlackElo "1822"]
[PlyCount "64"]
[EventDate "2019.04.20"]
[EventType "swiss"]
[EventRounds "4"]
[EventCountry "FIN"]
[SourceTitle "EXT 2021"]
[Source "ChessBase"]
[SourceDate "2020.10.23"]
[SourceVersion "1"]
[SourceVersionDate "2020.10.23"]
[SourceQuality "1"]

1. c4 Nf6 2. g3 d5 3. cxd5 Nxd5 4. Bg2 c6 5. d4 e6 6. e4 Bb4+ 7. Nd2 Ne7 8. Ne2 0-0 9. 0-0 Nd7 10. f4 b6 11. a3 Bxd2 12. Bxd2 Bb7 13. Nc3 c5 14. Be3 cxd4 15. Bxd4 e5 16. fxe5 Nc6 17. e6 fxe6 18. Rxf8+ Nxf8 19. Be3 Ne5 20. Qe2 Qe7 21. h3 Rd8 22. a4 Nfd7 23. a5 bxa5 24. Rxa5 a6 25. Bf1 Nc6 26. Ra4 Nc5 27. Bxc5 Qxc5+ 28. Qf2 Qxf2+ 29. Kxf2 Rd2+ 30. Ke3 Rxb2 31. Bxa6 Kf7 32. Bxb7 Rxb7 1/2-1/2

[Event "Tampere TammerSh Spring op-B"]
[Site "Tampere"]
[Date "2019.04.20"]
[Round "2"]
[White "Niemi, Jani Petteri"]
[Black "Karttinen, Risto"]
[Result "1/2-1/2"]
[WhiteElo "1965"]
[BlackElo "1900"]
[PlyCount "138"]
[EventDate "2019.04.20"]
[EventType "swiss"]
[EventRounds "4"]
[EventCountry "FIN"]
[SourceTitle "EXT 2021"]
[Source "ChessBase"]
[SourceDate "2020.10.23"]
[SourceVersion "1"]
[SourceVersionDate "2020.10.23"]
[SourceQuality "1"]

1. e4 d6 2. f4 Nf6 3. e5 Nfd7 4. d4 c5 5. c3 e6 6. Nf3 Nc6 7. Bd3 cxd4 8. cxd4 Qb6 9. Be2 dxe5 10. fxe5 Be7 11. Na3 0-0 12. Nc4 Qc7 13. 0-0 Nb6 14. Nxb6 Qxb6 15. Be3 Qxb2 16. Rf2 Qa3 17. Bc1 Qa5 18. Bd2 Qd5 19. Be3 b6 20. Rc1 Bb7 21. Bc4 Qd7 22. Bd3 Nb4 23. Bb1 Nd5 24. Qd3 g6 25. Bh6 Rfc8 26. Rcf1 Rc3 27. Qd2 f5 28. exf6 Bxf6 29. Ne5 Bxe5 30. dxe5 Qe7 31. Qg5 Rcc8 32. Bxg6 Qxg5 33. Bf7+ Kh8 34. Bxg5 Rf8 35. Bh6 Ba6 36. Re1 Rac8 37. Bxe6 Rxf2 38. Bxd5 Rf5 39. g4 Rff8 40. e6 Rfe8 41. Bf4 Rc5 42. Bb3 Bc4 43. Bxc4 Rxc4 44. Be5+ Kg8 45. Bg3 Rxg4 46. Kf2 Rg6 47. e7 Rf6+ 48. Kg2 Kf7 49. Bh4 Rf4 50. Kg3 Rxh4 51. Kxh4 Rxe7 52. Rf1+ Kg6 53. Rg1+ Kh6 54. Rg2 b5 55. Rb2 Re4+ 56. Kg3 b4 57. Rc2 a5 58. Rc6+ Kg7 59. Rc7+ Kg6 60. Rc6+ Kf7 61. Rc7+ Re7 62. Rc5 a4 63. Rb5 Re3+ 64. Kg2 Ra3 65. Rxb4 Rxa2+ 66. Kg3 a3 67. Rb7+ Kg6 68. Rb6+ Kf5 69. Rb5+ Kg6 1/2-1/2

[Event "Helsinki MatSK op"]
[Site "Helsinki"]
[Date "2019.02.23"]
[Round "5"]
[White "Wartiovaara, Oliver"]
[Black "Karttinen, Risto"]
[Result "1/2-1/2"]
[WhiteElo "2021"]
[BlackElo "1875"]
[PlyCount "100"]
[EventDate "2019.02.22"]
[EventType "swiss"]
[EventRounds "7"]
[EventCountry "FIN"]
[SourceTitle "CBM 189 Extra"]
[Source "ChessBase"]
[SourceDate "2019.06.03"]
[SourceVersion "1"]
[SourceVersionDate "2019.06.03"]
[SourceQuality "1"]

1. e4 d6 2. d4 Nf6 3. Nc3 g6 4. f4 Bg7 5. Nf3 0-0 6. Be2 c5 7. e5 Nfd7 8. Be3 cxd4 9. Bxd4 Nc6 10. exd6 Nxd4 11. Nxd4 exd6 12. Qd2 Qb6 13. 0-0-0 Nf6 14. Ndb5 a6 15. Qd4 Qxd4 16. Nxd4 Re8 17. Bf3 Rb8 18. Rhe1 Rxe1 19. Rxe1 Kf8 20. Nb3 Be6 21. Na5 b6 22. Nc6 Re8 23. Rd1 Bh6 24. g3 Ng4 25. Rxd6 Nxh2 26. Be2 Bc8 27. Ne5 Rxe5 28. Kd1 Re6 29. Rd8+ Re8 30. Rd6 b5 31. Nd5 Ng4 32. Nc7 Ke7 33. Nxe8 Kxe8 34. Rc6 Bb7 35. Rc7 Bd5 36. Bxg4 Bg7 37. b3 h5 38. Be2 Bd4 39. Rc8+ Kd7 40. Rg8 Bf2 41. c4 bxc4 42. bxc4 Be4 43. c5 Bxg3 44. Bxa6 Bg2 45. Bc8+ Kc7 46. f5 h4 47. fxg6 fxg6 48. Ke2 h3 49. Bxh3 Bxh3 50. Rxg6 Be5 1/2-1/2

[Event "Helsinki MatSK op"]
[Site "Helsinki"]
[Date "2019.02.22"]
[Round "2"]
[White "Karttinen, Risto"]
[Black "Ertbjerg, Per"]
[Result "0-1"]
[WhiteElo "1875"]
[BlackElo "1988"]
[PlyCount "75"]
[EventDate "2019.02.22"]
[EventType "swiss"]
[EventRounds "7"]
[EventCountry "FIN"]
[SourceTitle "CBM 189 Extra"]
[Source "ChessBase"]
[SourceDate "2019.06.03"]
[SourceVersion "1"]
[SourceVersionDate "2019.06.03"]
[SourceQuality "1"]

1. c4 Nf6 2. g3 g6 3. Bg2 Bg7 4. Nc3 0-0 5. d3 d6 6. Bg5 Re8 7. Qd2 c6 8. e4 Nbd7 9. Nge2 Rb8 10. 0-0 b5 11. cxb5 cxb5 12. b4 a6 13. h3 Bb7 14. Be3 Nb6 15. Rac1 Nfd7 16. Nd4 Rc8 17. Nb3 Ne5 18. Na5 Ba8 19. f4 Nc6 20. Qf2 Nd7 21. Nxc6 Bxc6 22. d4 e6 23. Rc2 Bb7 24. Rfc1 Nb6 25. d5 Nc4 26. Bd4 e5 27. fxe5 Nxe5 28. Bf1 Bh6 29. Be3 Bg7 30. a4 bxa4 31. Nxa4 Rxc2 32. Qxc2 Qf6 33. Qc7 Bc8 34. Be2 Bxh3 35. Kh2 Ng4+ 36. Bxg4 Bxg4 37. Rc6 Qf3 38. Qxd6 0-1

[Event "FIN-chT1B 1718"]
[Site "Finland"]
[Date "2018.02.04"]
[Round "7.7"]
[White "Karttinen, Risto"]
[Black "Eloranta, Kari"]
[Result "0-1"]
[WhiteElo "1903"]
[BlackElo "1978"]
[PlyCount "68"]
[EventDate "2017.09.16"]
[EventType "team-tourn"]
[EventRounds "7"]
[EventCountry "FIN"]
[SourceTitle "EXT 2020"]
[Source "ChessBase"]
[SourceDate "2019.10.17"]
[SourceVersion "1"]
[SourceVersionDate "2019.10.17"]
[SourceQuality "1"]
[WhiteTeam "Tampere Tammer II"]
[BlackTeam "Jyvaskyla JyS II"]
[WhiteTeamCountry "FIN"]
[BlackTeamCountry "FIN"]

1. c4 c5 2. g3 Nc6 3. Bg2 g6 4. Nc3 Bg7 5. a3 a5 6. d3 e5 7. Nf3 Nge7 8. Bg5 f6 9. Be3 d6 10. 0-0 Be6 11. Ne1 0-0 12. Nc2 Rb8 13. Rb1 Nd4 14. b4 axb4 15. axb4 b6 16. Bxd4 exd4 17. Nd5 Bxd5 18. cxd5 Qd7 19. b5 Ra8 20. Qc1 Ra2 21. Rb2 Ra5 22. Qb1 Rfa8 23. Ne1 Nc8 24. f4 Na7 25. f5 Nxb5 26. Nf3 Nc3 27. Qc2 b5 28. fxg6 hxg6 29. Nh4 Kh7 30. e3 Ra1 31. exd4 cxd4 32. Qf2 Nd1 33. Rxd1 Rxd1+ 34. Bf1 Raa1 0-1

[Event "FIN-chT1B 1718"]
[Site "Finland"]
[Date "2018.02.03"]
[Round "6.7"]
[White "Dannenberg, Alia"]
[Black "Karttinen, Risto"]
[Result "0-1"]
[WhiteElo "1978"]
[BlackElo "1903"]
[PlyCount "92"]
[EventDate "2017.09.16"]
[EventType "team-tourn"]
[EventRounds "7"]
[EventCountry "FIN"]
[SourceTitle "EXT 2020"]
[Source "ChessBase"]
[SourceDate "2019.10.17"]
[SourceVersion "1"]
[SourceVersionDate "2019.10.17"]
[SourceQuality "1"]
[WhiteTeam "Joensuu SK"]
[BlackTeam "Tampere Tammer II"]
[WhiteTeamCountry "FIN"]
[BlackTeamCountry "FIN"]

1. e4 d6 2. Nc3 Nf6 3. f4 g6 4. Nf3 Bg7 5. g3 c5 6. Bg2 Nc6 7. 0-0 0-0 8. d3 a6 9. a4 Rb8 10. h3 b5 11. axb5 axb5 12. Nh4 Nd4 13. Ne2 Nd7 14. c3 Nxe2+ 15. Qxe2 b4 16. Bd2 bxc3 17. Bxc3 Rb3 18. Ba5 Qe8 19. Ra2 Nb8 20. Qc2 Qb5 21. Bc3 Nc6 22. Nf3 Be6 23. Ra3 Nb4 24. Rxb3 Qa4 25. Qd2 Qxb3 26. Ra1 Nc6 27. Bxg7 Kxg7 28. Qc3+ f6 29. Nd2 Qb5 30. Bf1 Rb8 31. Rb1 Ba2 32. d4 cxd4 33. Bxb5 dxc3 34. Bxc6 cxd2 35. Rd1 Rxb2 36. Ba4 Bb1 37. e5 dxe5 38. fxe5 fxe5 39. Kf2 h5 40. Ke3 Bf5 41. h4 Rb4 42. Bc6 Rb3+ 43. Kf2 Rd3 44. Bb5 Rd5 45. Bc6 Rd6 46. Bf3 Bc2 0-1

[Event "FIN-chT2 Gp3 1718"]
[Site "Finland"]
[Date "2018.01.13"]
[Round "5.4"]
[White "Lehtinen, Tero"]
[Black "Karttinen, Risto"]
[Result "1/2-1/2"]
[WhiteElo "1854"]
[BlackElo "1903"]
[PlyCount "71"]
[EventDate "2017.09.16"]
[EventType "team-tourn"]
[EventRounds "7"]
[EventCountry "FIN"]
[SourceTitle "EXT 2020"]
[Source "ChessBase"]
[SourceDate "2019.10.17"]
[SourceVersion "1"]
[SourceVersionDate "2019.10.17"]
[SourceQuality "1"]
[WhiteTeam "Turku AS"]
[BlackTeam "Tampere Tammer III"]
[WhiteTeamCountry "FIN"]
[BlackTeamCountry "FIN"]

1. d4 d6 2. e4 Nf6 3. Nc3 g6 4. Be3 Bg7 5. Qd2 c6 6. Bh6 Bxh6 7. Qxh6 Qa5 8. f3 b5 9. Qd2 Nbd7 10. h4 h5 11. Nh3 Kf8 12. a3 a6 13. Ng5 Kg7 14. Ne2 Qxd2+ 15. Kxd2 e5 16. Rd1 Nf8 17. Kc1 Ne6 18. dxe5 dxe5 19. Nxe6+ Bxe6 20. Nc3 Rad8 21. Be2 Rd4 22. Rhe1 Rhd8 23. Bf1 Nd7 24. Ne2 Rxd1+ 25. Rxd1 Rc8 26. Nc3 Kf8 27. Be2 Ke7 28. Rd2 Nb6 29. b3 a5 30. Nd1 a4 31. b4 Nc4 32. Bxc4 Bxc4 33. Ne3 Be6 34. Kb2 Rf8 35. c4 Rc8 36. c5 1/2-1/2

[Event "Helsinki-chA"]
[Site "Helsinki"]
[Date "2018.01.05"]
[Round "7"]
[White "Norlamo, Sarabella"]
[Black "Karttinen, Risto"]
[Result "1-0"]
[WhiteElo "1746"]
[BlackElo "1902"]
[PlyCount "47"]
[EventDate "2017.12.29"]
[EventType "tourn"]
[EventRounds "7"]
[EventCountry "FIN"]
[SourceTitle "EXT 2019"]
[Source "ChessBase"]
[SourceDate "2018.10.10"]
[SourceVersion "1"]
[SourceVersionDate "2018.10.10"]
[SourceQuality "1"]

1. e4 d6 2. d4 Nf6 3. Nc3 g6 4. f4 Bg7 5. Nf3 0-0 6. Bd3 Nc6 7. e5 dxe5 8. fxe5 Nh5 9. Be3 Bg4 10. Be2 f6 11. exf6 exf6 12. Qd2 Re8 13. 0-0-0 Qd7 14. h3 Bxf3 15. Bxf3 Ng3 16. Rhe1 Rad8 17. Qf2 Nf5 18. Bg4 Nce7 19. Kb1 Qd6 20. Bf4 Qb6 21. Bxf5 Nxf5 22. Rxe8+ Rxe8 23. Nd5 Nd6 24. Nxb6 1-0

[Event "Helsinki-chA"]
[Site "Helsinki"]
[Date "2018.01.03"]
[Round "5"]
[White "Koskinen, Veikko"]
[Black "Karttinen, Risto"]
[Result "1-0"]
[WhiteElo "2006"]
[BlackElo "1902"]
[PlyCount "93"]
[EventDate "2017.12.29"]
[EventType "tourn"]
[EventRounds "7"]
[EventCountry "FIN"]
[SourceTitle "EXT 2019"]
[Source "ChessBase"]
[SourceDate "2018.10.10"]
[SourceVersion "1"]
[SourceVersionDate "2018.10.10"]
[SourceQuality "1"]

1. e4 d6 2. d4 Nf6 3. Nc3 g6 4. Be3 Bg7 5. h3 0-0 6. Nge2 e5 7. d5 c6 8. g4 Qa5 9. Ng3 cxd5 10. exd5 Na6 11. g5 Ne8 12. h4 Bd7 13. h5 Rc8 14. Qd2 b5 15. a3 b4 16. Nce4 Bb5 17. Ne2 Bc4 18. hxg6 fxg6 19. Rd1 Nac7 20. Bh3 Rd8 21. axb4 Qxd5 22. Qxd5+ Bxd5 23. Rxd5 Nxd5 24. Be6+ Kh8 25. Bxd5 Nc7 26. Bb3 d5 27. Nf6 h5 28. Ng3 Bxf6 29. gxf6 Rb8 30. Nxh5 gxh5 31. Rxh5+ Kg8 32. Rg5+ Kh7 33. Rxe5 Kg6 34. c3 a5 35. Bc2+ Kxf6 36. Rf5+ Ke6 37. Rxf8 Rxf8 38. bxa5 Ra8 39. b4 Nb5 40. Kd2 Rc8 41. Bc5 Ke5 42. Bd3 Nc7 43. Bd4+ Kd6 44. f4 Ne6 45. Be5+ Ke7 46. a6 Nd8 47. b5 1-0

[Event "Helsinki-chA"]
[Site "Helsinki"]
[Date "2018.01.02"]
[Round "4"]
[White "Karttinen, Risto"]
[Black "Tocklin, Tomi"]
[Result "1-0"]
[WhiteElo "1902"]
[BlackElo "1822"]
[PlyCount "91"]
[EventDate "2017.12.29"]
[EventType "tourn"]
[EventRounds "7"]
[EventCountry "FIN"]
[SourceTitle "EXT 2019"]
[Source "ChessBase"]
[SourceDate "2018.10.10"]
[SourceVersion "1"]
[SourceVersionDate "2018.10.10"]
[SourceQuality "1"]

1. c4 Nf6 2. g3 g6 3. Bg2 Bg7 4. Nc3 c5 5. a3 0-0 6. Rb1 a5 7. Nh3 Nc6 8. Nf4 d6 9. 0-0 Bd7 10. d3 Rb8 11. Bd2 Ne8 12. Nb5 Nd4 13. Nxd4 Bxd4 14. e3 Bg7 15. b4 axb4 16. axb4 b6 17. Qc2 Nc7 18. Bc3 Bxc3 19. Qxc3 Na6 20. Nd5 Nc7 21. Nf4 Na6 22. b5 Nb4 23. Rfd1 Qc7 24. d4 Bc8 25. Ra1 Bb7 26. Ra7 Qc8 27. Bh3 Qc7 28. dxc5 bxc5 29. Bg2 Qc8 30. Bh3 Qc7 31. Bg2 Qc8 32. e4 Ra8 33. Rxb7 Qxb7 34. e5 d5 35. Nxd5 Qa7 36. Nxb4 cxb4 37. Qxb4 Rad8 38. Rb1 Qd4 39. b6 Qxe5 40. c5 Rd4 41. Qb5 Rfd8 42. b7 Rd1+ 43. Rxd1 Rxd1+ 44. Bf1 Qb8 45. c6 Rd8 46. Qa5 1-0

[Event "FIN-chT1A 1617"]
[Site "Finland"]
[Date "2017.02.05"]
[Round "7.7"]
[White "Karttinen, Risto"]
[Black "Aakio, Seppo"]
[Result "1/2-1/2"]
[WhiteElo "1903"]
[BlackElo "2050"]
[PlyCount "61"]
[EventDate "2016.09.17"]
[EventType "team-tourn"]
[EventRounds "7"]
[EventCountry "FIN"]
[SourceTitle "EXT 2019"]
[Source "ChessBase"]
[SourceDate "2018.10.10"]
[SourceVersion "1"]
[SourceVersionDate "2018.10.10"]
[SourceQuality "1"]
[WhiteTeam "Tampere Tammer II"]
[BlackTeam "Helsinki SSK"]
[WhiteTeamCountry "FIN"]
[BlackTeamCountry "FIN"]

1. c4 d6 2. g3 c6 3. Bg2 e5 4. d4 Nd7 5. e4 Ngf6 6. Nc3 Be7 7. h3 0-0 8. Nge2 a6 9. 0-0 b5 10. cxb5 axb5 11. b3 Bb7 12. Re1 Qb8 13. Bb2 Re8 14. Qc2 Qa7 15. a4 b4 16. Nb1 Rac8 17. Nd2 c5 18. dxe5 Nxe5 19. Bxe5 dxe5 20. Nc4 Nd7 21. a5 Ba6 22. Nc1 Bxc4 23. Qxc4 Nb8 24. Nd3 Nc6 25. Bf1 Nxa5 26. Rxa5 Qxa5 27. Nxe5 Rf8 28. Nd7 Rfd8 29. Ne5 Rf8 30. Nd7 Rfd8 31. Ne5 1/2-1/2

[Event "FIN-chT1A 1617"]
[Site "Finland"]
[Date "2017.02.04"]
[Round "6.7"]
[White "Karttinen, Risto"]
[Black "Parkkinen, Jyrki"]
[Result "1/2-1/2"]
[WhiteElo "1903"]
[BlackElo "2127"]
[PlyCount "80"]
[EventDate "2016.09.17"]
[EventType "team-tourn"]
[EventRounds "7"]
[EventCountry "FIN"]
[SourceTitle "EXT 2019"]
[Source "ChessBase"]
[SourceDate "2018.10.10"]
[SourceVersion "1"]
[SourceVersionDate "2018.10.10"]
[SourceQuality "1"]
[WhiteTeam "Tampere Tammer II"]
[BlackTeam "Helsinki HSK"]
[WhiteTeamCountry "FIN"]
[BlackTeamCountry "FIN"]

1. c4 c6 2. g3 d5 3. Bg2 Nf6 4. Nf3 g6 5. 0-0 Bg7 6. b3 Ne4 7. d4 Be6 8. Na3 Nd7 9. Bb2 0-0 10. Ne1 f5 11. Nd3 b5 12. Nf4 Bf7 13. cxb5 cxb5 14. Nxb5 Qb6 15. Na3 Rac8 16. e3 Rc7 17. f3 Nd6 18. Qd2 a5 19. Bc3 Ra8 20. Rfb1 a4 21. Bf1 Qa7 22. bxa4 Qxa4 23. Nb5 Nc4 24. Rb4 Nxd2 25. Rxa4 Rxa4 26. Nxc7 Nxf1 27. Kxf1 Rc4 28. Ba5 e5 29. Nfxd5 exd4 30. exd4 Bxd4 31. Rd1 Ne5 32. Rxd4 Rxd4 33. Bc3 Rxd5 34. Nxd5 Nxf3 35. Nf6+ Kg7 36. h4 Bxa2 37. Kg2 Ne1+ 38. Bxe1 Kxf6 39. Bc3+ Ke6 40. Kf3 Bd5+ 1/2-1/2